000 00587nam a2200217 i 4500
001 C2-0169888
003 PPAK
005 20180729133428.0
008 980804s1994 my a|||| ||||| | eng d
040 _aPPAK
_beng
_cPPAK
_erda
082 0 4 _a387.7405
_2 23
090 0 0 _a387.7405
_bWIN
_dR
245 0 0 _aWings of gold
264 1 _aKuala Lumpur :
_bMalaysia Airlines ,
_c1994
300 _aVarious pages :
_bcolour illustrations ;
_c29 cm
336 _2rdacontent
_atext
337 _2rdamedia
_aunmediated
338 _2rdacarrier
_avolume
500 _aJan - Dec
942 _ddc
_cB
999 _c153740
_d153740